[Event "IND-ch U13 Girls"]
[Site "Gujarath"]
[Date "2016.07.24"]
[Round "4"]
[White "Manya, Bagla"]
[Black "Jyothsna, L."]
[Result "0-1"]
[WhiteElo "1460"]
[BlackElo "1750"]
[PlyCount "85"]
[EventDate "2016.07.22"]
[EventType "swiss"]
[EventRounds "11"]
[EventCountry "IND"]
[SourceTitle "EXT 2017"]
[Source "ChessBase"]
[SourceDate "2016.10.25"]
[SourceVersion "1"]
[SourceVersionDate "2016.10.25"]
[SourceQuality "1"]

1. e4 e6 2. d4 d5 3. exd5 exd5 4. Nf3 Bd6 5. Bd3 Ne7 6. Bg5 f6 7. Bh4 Bg4 8. Nbd2 Nbc6 9. c3 Qd7 10. a4 Ng6 11. Qe2+ Nce7 12. Bg3 Nf4 13. Bxf4 Bxf4 14. h3 Bh5 15. Nb3 b6 16. a5 0-0 17. 0-0 Rae8 18. Qd1 Nc8 19. Be2 Nd6 20. Qc2 Nc4 21. Ne5 fxe5 22. Bxh5 g6 23. Bg4 Qd6 24. axb6 axb6 25. Rae1 e4 26. Be2 e3 27. f3 Nd2 28. Rd1 Nxf1 29. Rxf1 Qf6 30. Qd1 Qh4 31. Qe1 Bg3 32. Qd1 Bf2+ 33. Kh1 Rf5 34. f4 Qxf4 35. Nc1 Qd6 36. Nd3 Ref8 37. Bf3 Rxf3 38. gxf3 Qg3 39. Nxf2 exf2 40. Rxf2 Qxf2 41. Qg1 Qxf3+ 42. Qg2 Qxg2+ 43. Kxg2 0-1

[Event "IND-ch U13 Girls 29th"]
[Site "Gurgaon"]
[Date "2015.08.31"]
[Round "3"]
[White "Manya, Bagla"]
[Black "Bommini, Mounika Akshaya"]
[Result "1/2-1/2"]
[WhiteElo "1527"]
[BlackElo "1730"]
[PlyCount "73"]
[EventDate "2015.08.30"]
[EventType "swiss"]
[EventRounds "11"]
[EventCountry "IND"]
[SourceTitle "EXT 2016"]
[Source "ChessBase"]
[SourceDate "2015.10.08"]
[SourceVersion "1"]
[SourceVersionDate "2015.10.08"]
[SourceQuality "1"]

1. e4 Nc6 2. Nf3 d6 3. d4 Nf6 4. Nc3 Bg4 5. Be3 e5 6. Be2 Be7 7. h3 Bd7 8. d5 Nb8 9. Qd2 0-0 10. 0-0 c6 11. dxc6 bxc6 12. Rad1 Be6 13. Qc1 Qc7 14. Bg5 Nbd7 15. Rd2 d5 16. Bd3 Bb4 17. Bxf6 Nxf6 18. exd5 cxd5 19. Ng5 Bxc3 20. bxc3 Bd7 21. Be2 e4 22. h4 Qxc3 23. Kh2 Qe5+ 24. Kh1 Qf4 25. g3 Qf5 26. f4 h6 27. g4 Nxg4 28. Bxg4 Qxg4 29. Rg1 Qxh4+ 30. Rh2 Qxh2+ 31. Kxh2 hxg5 32. Rxg5 Bc6 33. Qg1 g6 34. Rxg6+ fxg6 35. Qxg6+ Kh8 36. Qh6+ Kg8 37. Qg6+ 1/2-1/2

[Event "IND-ch U11 Girls"]
[Site "Odisha"]
[Date "2014.07.31"]
[Round "10"]
[White "Mrudul, Dehankar"]
[Black "Manya, Bagla"]
[Result "1-0"]
[WhiteElo "1509"]
[BlackElo "1378"]
[PlyCount "113"]
[EventDate "2014.07.24"]
[EventType "swiss"]
[EventRounds "11"]
[EventCountry "IND"]
[SourceTitle "CBM 161 Extra"]
[Source "ChessBase"]
[SourceDate "2014.08.29"]
[SourceVersion "1"]
[SourceVersionDate "2014.08.29"]
[SourceQuality "1"]

1. e4 e5 2. Nf3 Nc6 3. d4 exd4 4. Bc4 Bc5 5. c3 Nf6 6. e5 d5 7. Bb5 Ne4 8. cxd4 Bb6 9. Nc3 Bg4 10. Be3 Nxc3 11. bxc3 0-0 12. 0-0 f6 13. exf6 Qxf6 14. Be2 Rae8 15. Re1 Qf7 16. Rc1 Na5 17. Ne5 Bxe2 18. Rxe2 Qe7 19. Qd3 Qe6 20. Rce1 Nc4 21. Bf4 Nxe5 22. Bxe5 Qf7 23. Qg3 Ba5 24. Bxg7 Qxg7 25. Rxe8 Qxg3 26. hxg3 Bxc3 27. Rxf8+ Kxf8 28. Rd1 Ke7 29. Kf1 Kd6 30. Ke2 b6 31. Kd3 Ba5 32. Rh1 c5 33. Rh6+ Kd7 34. Rxh7+ Kd6 35. Rxa7 c4+ 36. Kc2 Be1 37. Rf7 b5 38. g4 b4 39. g5 Bc3 40. Rf4 Ke6 41. g6 Bxd4 42. Rxd4 Kf6 43. Rxd5 Kxg6 44. Rb5 b3+ 45. axb3 cxb3+ 46. Kxb3 Kf6 47. g4 Kg6 48. Kc4 Kf6 49. f4 Kg6 50. Kd5 Kf6 51. Rb6+ Kf7 52. Ke5 Kg7 53. g5 Kf7 54. Kf5 Kg7 55. g6 Kg8 56. Kf6 Kh8 57. Rb8# 1-0